লোডিং...

Sedimentary structures of ephemeral streams

গ্রন্থ-পঞ্জীর বিবরন
প্রধান লেখক: Picard, M. Dane
অন্যান্য লেখক: High, Lee R.
বিন্যাস: Printed Book
ভাষা:English
মালা:Developments in sedimentology 17
বিষয়গুলি:
LEADER 00608nam a2200181 a 4500
005 20151028161956.0
008 960221s1955 dcuabcdjdbkoqu001 0deng d
003 ViArRB
082 |a 551.3  |b L3 
100 |a Picard, M. Dane  |9 2096 
245 |a Sedimentary structures of ephemeral streams 
490 |a Developments in sedimentology  |v 17 
653 |a Sedimentary structures  |a Sedimentary structures  
700 |a High, Lee R.  |9 2095 
942 |c BK  |6 _ 
500 |a School of Marine Sciences 
999 |c 72798  |d 72798 
952 |0 0  |1 0  |4 0  |6 5513_L3  |7 0  |9 84769  |a SOS   |b SOS  |d 0000-00-00  |o 551.3 L3  |p MS003012  |r 2013-06-14  |w 2009-07-13  |y BK